000
00239nam a2200097 4500
999
_c
531643
_d
531643
040
_c
DLC
082
_a
624.171
_b
DAM
100
_a
Damodarasamy, S.R.
_9
24547
245
_a
Basics of Structural Dynamics and a Seismic Design
942
_2
ddc
_c
BK